[Event "Bydgoszcz op"]
[Site "Bydgoszcz"]
[Date "2009.10.10"]
[Round "3"]
[White "Drozdowski, Kacper"]
[Black "Wozniak, Marcin"]
[Result "1-0"]
[WhiteElo "2182"]
[BlackElo "2123"]
[PlyCount "111"]
[EventDate "2009.10.09"]
[EventType "swiss"]
[EventRounds "5"]
[EventCountry "POL"]
[SourceTitle "CBM 132 Extra"]
[Source "ChessBase"]
[SourceDate "2009.11.03"]
[SourceVersion "1"]
[SourceVersionDate "2009.11.03"]
[SourceQuality "1"]

1. e4 c6 2. c4 d5 3. exd5 cxd5 4. cxd5 Nf6 5. Qa4+ Nbd7 6. Nc3 g6 7. Nf3 Bg7 8. Bc4 0-0 9. 0-0 a6 10. Bb3 Nc5 11. Qc4 Qd6 12. Bc2 b5 13. Qh4 Bg4 14. d4 Ncd7 15. Ng5 b4 16. Nce4 Qc7 17. Bb3 Bf5 18. Ng3 Bd3 19. Rd1 Bb5 20. N5e4 Qb6 21. Bg5 a5 22. d6 Nxe4 23. dxe7 Nxg5 24. exf8Q+ Rxf8 25. Qxg5 a4 26. Bd5 Bxd4 27. Qd2 Bc5 28. Ne4 Be7 29. Qf4 Nf6 30. Nxf6+ Qxf6 31. Rd4 Qxf4 32. Rxf4 Kg7 33. Rd1 h5 34. h4 f5 35. Rdd4 Rd8 36. Bf3 Rxd4 37. Rxd4 Kf6 38. Rd2 Bc4 39. Bd5 Bb5 40. g3 Ke5 41. Rd1 Bc5 42. Bf7 Bd4 43. b3 Bc6 44. Re1+ Be4 45. bxa4 Kf6 46. Bb3 g5 47. Rd1 Bc5 48. Bd5 gxh4 49. Bxe4 fxe4 50. gxh4 Ke5 51. a5 Kf4 52. Kg2 Kg4 53. a6 Kxh4 54. Rd7 e3 55. fxe3 Bxe3 56. a7 1-0

[Event "POL-chT 2nd League"]
[Site "Miedzyzdroje"]
[Date "2009.09.19"]
[Round "8"]
[White "Bardeli, Lukasz"]
[Black "Wozniak, Marcin"]
[Result "1-0"]
[WhiteElo "2339"]
[BlackElo "2123"]
[PlyCount "83"]
[EventDate "2009.09.12"]
[EventType "team-swiss"]
[EventRounds "9"]
[EventCountry "POL"]
[SourceTitle "EXT 2019"]
[Source "ChessBase"]
[SourceDate "2018.10.10"]
[SourceVersion "1"]
[SourceVersionDate "2018.10.10"]
[SourceQuality "1"]
[WhiteTeam "Gniezno LKS Chrobry"]
[BlackTeam "Bydgoszcz Chemik"]
[WhiteTeamCountry "POL"]
[BlackTeamCountry "POL"]

1. Nf3 Nf6 2. c4 e6 3. g3 b6 4. Bg2 Bb7 5. 0-0 c5 6. Nc3 Be7 7. d4 cxd4 8. Qxd4 0-0 9. Rd1 Nc6 10. Qf4 d6 11. b3 Qb8 12. Bb2 Rd8 13. Ng5 Ne5 14. Bxb7 Qxb7 15. Nce4 Nxe4 16. Nxe4 Ng6 17. Qf3 Rd7 18. Qc3 f6 19. Qe3 Nf8 20. Nc3 a6 21. a4 Rad8 22. Rd3 f5 23. Rad1 Qc6 24. Na2 Qb7 25. Bd4 Rb8 26. Qd2 b5 27. cxb5 axb5 28. a5 d5 29. b4 Rc8 30. Qb2 Bd6 31. Rc3 Rc4 32. Rxc4 dxc4 33. Bxg7 Bxb4 34. Rxd7 Qxd7 35. Nxb4 Qxg7 36. Qa2 Qe7 37. a6 Qa7 38. Qa5 Qb8 39. a7 Qa8 40. Qc7 c3 41. Qb8 Qe4 42. Nd3 1-0

[Event "POL-chT 2nd League"]
[Site "Miedzyzdroje"]
[Date "2009.09.18"]
[Round "7"]
[White "Markiewicz, Jacek"]
[Black "Wozniak, Marcin"]
[Result "1/2-1/2"]
[WhiteElo "2322"]
[BlackElo "2123"]
[PlyCount "102"]
[EventDate "2009.09.12"]
[EventType "team-swiss"]
[EventRounds "9"]
[EventCountry "POL"]
[SourceTitle "EXT 2019"]
[Source "ChessBase"]
[SourceDate "2018.10.10"]
[SourceVersion "1"]
[SourceVersionDate "2018.10.10"]
[SourceQuality "1"]
[WhiteTeam "Chrzanow UKS SP 8 U19"]
[BlackTeam "Bydgoszcz Chemik"]
[WhiteTeamCountry "POL"]
[BlackTeamCountry "POL"]

1. e4 c6 2. d4 d5 3. Nc3 dxe4 4. Nxe4 Nd7 5. Nf3 Ndf6 6. Ng3 Bg4 7. c3 e6 8. Bd3 Qd5 9. Be2 Bd6 10. h3 Bxf3 11. Bxf3 Qa5 12. 0-0 Ne7 13. Re1 0-0 14. Qb3 Rfd8 15. Nf1 c5 16. Be3 cxd4 17. Bxd4 e5 18. Be3 e4 19. Be2 Qc7 20. Rad1 Nf5 21. Bg5 Be5 22. Rxd8+ Rxd8 23. Ne3 Nxe3 24. Bxe3 b6 25. Rd1 Rxd1+ 26. Qxd1 h6 27. Qa4 Bh2+ 28. Kf1 Be5 29. Qc4 Qd7 30. Ke1 Kh7 31. a4 Qd5 32. Qc8 Qd7 33. Qc4 Qd5 34. Qc8 Qd7 35. Qxd7 Nxd7 36. Bc4 Kg6 37. Bd5 f5 38. Bc6 Nc5 39. Kd2 Kf6 40. a5 Nb3+ 41. Kc2 Nxa5 42. Bd5 Ke7 43. b4 Kd6 44. Bxe4 fxe4 45. bxa5 bxa5 46. Bxa7 a4 47. c4 Kc6 48. f3 exf3 49. gxf3 h5 50. Be3 g6 51. Bg1 Bf6 1/2-1/2

[Event "POL-chT 2nd League"]
[Site "Miedzyzdroje"]
[Date "2009.09.17"]
[Round "6"]
[White "Wozniak, Marcin"]
[Black "Zgadzaj, Rafal"]
[Result "1-0"]
[WhiteElo "2123"]
[BlackElo "2245"]
[PlyCount "65"]
[EventDate "2009.09.12"]
[EventType "team-swiss"]
[EventRounds "9"]
[EventCountry "POL"]
[SourceTitle "EXT 2019"]
[Source "ChessBase"]
[SourceDate "2018.10.10"]
[SourceVersion "1"]
[SourceVersionDate "2018.10.10"]
[SourceQuality "1"]
[WhiteTeam "Bydgoszcz Chemik"]
[BlackTeam "Chroscice LZS Victoria"]
[WhiteTeamCountry "POL"]
[BlackTeamCountry "POL"]

1. c4 f5 2. g3 Nf6 3. Bg2 c6 4. Nf3 d5 5. 0-0 e6 6. d3 Be7 7. Nbd2 d4 8. Qa4 Nbd7 9. b4 0-0 10. Bb2 e5 11. c5 Nd5 12. Nc4 Qc7 13. e3 dxe3 14. fxe3 b5 15. cxb6 N7xb6 16. Qb3 e4 17. dxe4 fxe4 18. Nfe5 Be6 19. Bxe4 Bxb4 20. Nxb6 Qxb6 21. Bd4 Rxf1+ 22. Rxf1 Bc5 23. Qc2 Nf6 24. Bxc5 Qc7 25. Bd4 Rc8 26. Bf5 Bxf5 27. Qxf5 Re8 28. Ng4 Nxg4 29. Qxg4 c5 30. Rc1 Qf7 31. Bxc5 Qxa2 32. Qc4+ Qxc4 33. Rxc4 1-0

[Event "Kochan Memorial op-A 20th"]
[Site "Koszalin"]
[Date "2009.08.13"]
[Round "8"]
[White "Szczepaniec, Stanislaw"]
[Black "Wozniak, Marcin"]
[Result "0-1"]
[WhiteElo "2149"]
[BlackElo "2144"]
[PlyCount "113"]
[EventDate "2009.08.06"]
[EventType "swiss"]
[EventRounds "9"]
[EventCountry "POL"]
[SourceTitle "CBM 131 Extra"]
[Source "ChessBase"]
[SourceDate "2009.09.03"]
[SourceVersion "2"]
[SourceVersionDate "2009.09.16"]
[SourceQuality "1"]

1. c4 c5 2. Nf3 g6 3. d4 cxd4 4. Nxd4 Bg7 5. e4 Nc6 6. Be3 Nf6 7. Nc3 Ng4 8. Qxg4 Nxd4 9. Qd1 Ne6 10. Qd2 Qa5 11. Be2 Bxc3 12. bxc3 d6 13. 0-0 Bd7 14. f4 f6 15. f5 Nc5 16. Qd4 Na4 17. fxg6 hxg6 18. Rac1 Be6 19. g4 g5 20. Rf2 Rh4 21. Rg2 b6 22. Rg3 Nc5 23. Rc2 Nd7 24. h3 Ne5 25. Kg2 Rc8 26. Bf2 Bxc4 27. Bxc4 Rxc4 28. Qd5 Qxd5 29. exd5 Kf7 30. Bd4 Ng6 31. Be3 Rh8 32. Kh2 Rhc8 33. Rf2 Kg7 34. Bd4 Nf4 35. Rgf3 Rh8 36. Rxf4 gxf4 37. Rxf4 Kg6 38. Kg3 Ra4 39. Rf2 Ra5 40. Rf5 Rxa2 41. h4 b5 42. h5+ Kf7 43. Rf3 Rg8 44. Rf1 Rg5 45. h6 Rxd5 46. Re1 e5 47. Rh1 Kg8 48. h7+ Kh8 49. Be3 Rd3 50. Kf3 d5 51. Rh6 Rxc3 52. Rxf6 Raa3 53. g5 Rxe3+ 54. Kg4 Kxh7 55. Rf7+ Kg6 56. Rf6+ Kg7 57. Rd6 0-1

[Event "Kochan Memorial op-A 20th"]
[Site "Koszalin"]
[Date "2009.08.12"]
[Round "7"]
[White "Wozniak, Marcin"]
[Black "Czernicki, Bogdan"]
[Result "0-1"]
[WhiteElo "2144"]
[BlackElo "2034"]
[PlyCount "98"]
[EventDate "2009.08.06"]
[EventType "swiss"]
[EventRounds "9"]
[EventCountry "POL"]
[SourceTitle "CBM 131 Extra"]
[Source "ChessBase"]
[SourceDate "2009.09.03"]
[SourceVersion "2"]
[SourceVersionDate "2009.09.16"]
[SourceQuality "1"]

1. c4 c5 2. Nc3 Nc6 3. g3 d6 4. Bg2 e5 5. d3 g6 6. Rb1 a5 7. a3 Bg7 8. e3 Nge7 9. Nge2 0-0 10. 0-0 f5 11. Bd2 g5 12. Nd5 Nxd5 13. Bxd5+ Kh8 14. b4 axb4 15. axb4 cxb4 16. Bxb4 Nxb4 17. Rxb4 f4 18. Nc3 Bh3 19. Re1 fxe3 20. Rxe3 e4 21. d4 Qf6 22. Nxe4 Qxd4 23. Rd3 Qe5 24. Rb1 Qf5 25. Rd2 Bg4 26. Nxd6 Qg6 27. Qxg4 Qxb1+ 28. Rd1 Qg6 29. Bxb7 Ra2 30. Bf3 Qf6 31. Kg2 Ra3 32. Be4 Qxf2+ 33. Kh1 Ra2 34. Qh3 h6 35. g4 Re2 36. Rg1 Re1 37. Qg2 Rxg1+ 38. Qxg1 Qd2 39. c5 Bd4 40. Qb1 Bxc5 41. Nf5 Qc3 42. Nxh6 Bb4 43. Nf5 Rd8 44. Ng3 Bd6 45. Nf5 Bf4 46. Nh6 Rd2 47. Bg2 Rc2 48. Nf7+ Kg7 49. Qb7 Qe1+ 0-1

[Event "Rzeszow-chA"]
[Site "Rzeszow"]
[Date "2008.11.08"]
[Round "1.5"]
[White "Rawicz, Karol"]
[Black "Wozniak, Marcin"]
[Result "1-0"]
[WhiteElo "2242"]
[BlackElo "1900"]
[PlyCount "61"]
[EventDate "2008.11.07"]
[EventType "tourn"]
[EventRounds "9"]
[EventCountry "POL"]
[SourceTitle "EXT 2023"]
[Source "ChessBase"]
[SourceDate "2022.10.05"]
[SourceVersion "1"]
[SourceVersionDate "2022.10.05"]
[SourceQuality "1"]

1. Nf3 f5 2. g3 Nf6 3. Bg2 d6 4. 0-0 e5 5. d3 h6 6. c4 g5 7. Nc3 Bg7 8. d4 e4 9. Ne1 c6 10. d5 0-0 11. Nc2 c5 12. f3 exf3 13. exf3 Nbd7 14. f4 g4 15. Qd3 Nb6 16. Re1 Bd7 17. a4 Re8 18. Bd2 a5 19. Rxe8+ Bxe8 20. b3 Qc7 21. Qxf5 Bd7 22. Qd3 Re8 23. Re1 Qc8 24. Rxe8+ Nxe8 25. Ne4 Bf5 26. Bxa5 Nd7 27. Ne3 Bg6 28. Bc3 Bxc3 29. Qxc3 Bxe4 30. Bxe4 Nef6 31. Bf5 1-0

[Event "Rzeszow-chA"]
[Site "Rzeszow"]
[Date "2008.11.08"]
[Round "7.3"]
[White "Wozniak, Marcin"]
[Black "Pulik, Krzysztof"]
[Result "0-1"]
[WhiteElo "1900"]
[BlackElo "2203"]
[PlyCount "58"]
[EventDate "2008.11.07"]
[EventType "tourn"]
[EventRounds "9"]
[EventCountry "POL"]
[SourceTitle "EXT 2023"]
[Source "ChessBase"]
[SourceDate "2022.10.05"]
[SourceVersion "1"]
[SourceVersionDate "2022.10.05"]
[SourceQuality "1"]

1. e4 e6 2. d4 d5 3. Nc3 Nf6 4. Bg5 Be7 5. e5 Nfd7 6. Bxe7 Qxe7 7. Nf3 a6 8. Be2 c5 9. h4 cxd4 10. Qxd4 Nc6 11. Qf4 0-0 12. 0-0-0 f6 13. exf6 Nxf6 14. Qg5 Qb4 15. h5 h6 16. Qg3 Bd7 17. a3 Qc5 18. Bd3 b5 19. Rh4 Rab8 20. Na2 a5 21. Nd2 e5 22. Nb3 Qe7 23. Bg6 Rfc8 24. Kb1 a4 25. Nbc1 e4 26. c3 d4 27. cxd4 b4 28. Nxb4 Nxb4 29. axb4 Qxb4 0-1

[Event "POL-chT 2nd League"]
[Site "Ustron"]
[Date "2008.09.11"]
[Round "6.34"]
[White "Szromba, Krzysztof"]
[Black "Wozniak, Marcin"]
[Result "0-1"]
[WhiteElo "2186"]
[BlackElo "2130"]
[PlyCount "114"]
[EventDate "2008.09.06"]
[EventType "team-swiss"]
[EventRounds "9"]
[EventCountry "POL"]
[SourceTitle "EXT 2015"]
[Source "ChessBase"]
[SourceDate "2014.11.20"]
[SourceVersion "1"]
[SourceVersionDate "2014.11.20"]
[SourceQuality "1"]
[WhiteTeam "Krakow KKSz"]
[BlackTeam "Bydgoszcz Chemik"]
[WhiteTeamCountry "POL"]
[BlackTeamCountry "POL"]

1. d4 Nf6 2. c4 e6 3. Nc3 d5 4. Bg5 Be7 5. e3 c6 6. cxd5 exd5 7. Bd3 Bg4 8. f3 Bh5 9. Nge2 0-0 10. 0-0 Nbd7 11. Nf4 Bg6 12. Nxg6 hxg6 13. Qc2 Nh5 14. Bxe7 Qxe7 15. Rfe1 Rfe8 16. b4 Qg5 17. Qc1 a6 18. e4 Qxc1 19. Raxc1 Nf4 20. Bf1 Nf6 21. e5 Nd7 22. g3 Ne6 23. Red1 g5 24. Bh3 Nb6 25. a4 Nc4 26. Kf2 Red8 27. Bf1 Nb6 28. Ke3 g6 29. Bd3 Kg7 30. Rd2 Rh8 31. Rg1 Rh6 32. Rb2 Rah8 33. Rgg2 Ra8 34. Rgc2 Rd8 35. a5 Nc4+ 36. Bxc4 dxc4 37. Rd2 Nc7 38. Rdc2 Ne6 39. Rd2 Nc7 40. Rb1 f6 41. exf6+ Kxf6 42. Re2 Re8+ 43. Ne4+ Kg7 44. Kd2 Nb5 45. Rf2 g4 46. Ng5 Rh5 47. f4 Nxd4 48. Rd1 Nb5 49. Kc1 Re7 50. Rdf1 Kf6 51. h4 gxh3 52. g4 Rh4 53. Nf3 Rxg4 54. Ne5 Rg3 55. f5 Kxe5 56. Re2+ Kd6 57. f6 Rf7 0-1

[Event "POL-chT 2nd League"]
[Site "Ustron"]
[Date "2008.09.07"]
[Round "2.70"]
[White "Wozniak, Marcin"]
[Black "Seifert, Henryk"]
[Result "1/2-1/2"]
[WhiteElo "2130"]
[BlackElo "2235"]
[PlyCount "42"]
[EventDate "2008.09.06"]
[EventType "team-swiss"]
[EventRounds "9"]
[EventCountry "POL"]
[SourceTitle "EXT 2015"]
[Source "ChessBase"]
[SourceDate "2014.11.20"]
[SourceVersion "1"]
[SourceVersionDate "2014.11.20"]
[SourceQuality "1"]
[WhiteTeam "Bydgoszcz Chemik"]
[BlackTeam "Pawlowice GKS Pniowek 74"]
[WhiteTeamCountry "POL"]
[BlackTeamCountry "POL"]

1. c4 c5 2. Nc3 Nf6 3. e4 Nc6 4. g3 d6 5. Bg2 g6 6. d3 Bg7 7. Nge2 Bd7 8. h3 a6 9. Be3 Rb8 10. a4 e5 11. Rb1 0-0 12. 0-0 Nd4 13. b4 b6 14. f4 Nh5 15. Bxd4 cxd4 16. Nd5 Nf6 17. Nxf6+ Bxf6 18. b5 Be7 19. Kh2 a5 20. Qd2 Kg7 21. Ng1 f6 1/2-1/2

[Event "POL-chT 2nd League"]
[Site "Ustron"]
[Date "2008.09.06"]
[Round "1.28"]
[White "Wozniak, Marcin"]
[Black "Kolosowski, Pawel"]
[Result "0-1"]
[WhiteElo "2130"]
[BlackElo "2309"]
[PlyCount "52"]
[EventDate "2008.09.06"]
[EventType "team-swiss"]
[EventRounds "9"]
[EventCountry "POL"]
[SourceTitle "EXT 2015"]
[Source "ChessBase"]
[SourceDate "2014.11.20"]
[SourceVersion "1"]
[SourceVersionDate "2014.11.20"]
[SourceQuality "1"]
[WhiteTeam "Bydgoszcz Chemik"]
[BlackTeam "Gdanski Drapol Jantar Pruszcz"]
[WhiteTeamCountry "POL"]
[BlackTeamCountry "POL"]

1. c4 g6 2. g3 Bg7 3. Bg2 d6 4. Nc3 e5 5. d3 f5 6. e3 Nf6 7. Nge2 0-0 8. 0-0 c6 9. f4 Be6 10. Rb1 a5 11. b3 Na6 12. a3 Bf7 13. b4 axb4 14. axb4 Nc7 15. b5 exf4 16. Nxf4 d5 17. cxd5 Nfxd5 18. Ncxd5 Nxd5 19. Nxd5 Bxd5 20. Bxd5+ Qxd5 21. Qb3 Rfd8 22. bxc6 bxc6 23. Ba3 Kh8 24. Qxd5 Rxd5 25. Rb3 Rb5 26. Rfb1 Rxa3 0-1

[Event "Kochan Memorial op 19th"]
[Site "Koszalin"]
[Date "2008.08.11"]
[Round "8"]
[White "Bernacki, Gabriel"]
[Black "Wozniak, Marcin"]
[Result "1-0"]
[WhiteElo "1874"]
[BlackElo "1944"]
[PlyCount "37"]
[EventDate "2008.08.04"]
[EventType "swiss"]
[EventRounds "9"]
[EventCountry "POL"]
[SourceTitle "CBM 125 Extra"]
[Source "ChessBase"]
[SourceDate "2008.09.01"]
[SourceVersion "1"]
[SourceVersionDate "2008.09.01"]
[SourceQuality "1"]

1. e4 e5 2. d4 exd4 3. Qxd4 Nc6 4. Qe3 Nf6 5. Bd2 Bb4 6. Nc3 0-0 7. 0-0-0 Re8 8. Bc4 d6 9. Nh3 Ne5 10. Bb3 a5 11. f4 Neg4 12. Qd3 Bxc3 13. Bxc3 Nxe4 14. Rde1 Nc5 15. Bxf7+ Kxf7 16. Qxh7 Ne6 17. Ng5+ Kf8 18. Qh8+ Ke7 19. Qxg7# 1-0

[Event "POL-chT4 Kujawsko Pomorskie 0708"]
[Site "Poland"]
[Date "2008.03.09"]
[Round "9.31"]
[White "Wozniak, Marcin"]
[Black "Lewandowski, Marek"]
[Result "1-0"]
[WhiteElo "2150"]
[BlackElo "1930"]
[PlyCount "88"]
[EventDate "2007.11.04"]
[EventType "team-tourn"]
[EventRounds "11"]
[EventCountry "POL"]
[SourceTitle "EXT 2019"]
[Source "ChessBase"]
[SourceDate "2018.10.10"]
[SourceVersion "1"]
[SourceVersionDate "2018.10.10"]
[SourceQuality "1"]

1. c4 Nf6 2. g3 e6 3. Bg2 d5 4. Nf3 Be7 5. 0-0 0-0 6. b3 Nbd7 7. Bb2 c6 8. d3 b6 9. Nbd2 Bb7 10. a3 c5 11. e3 dxc4 12. bxc4 Qc7 13. Qc2 Rfd8 14. Rac1 Rac8 15. Rfd1 Bc6 16. Ne1 Bxg2 17. Nxg2 e5 18. e4 Nf8 19. Ne3 Bd6 20. Nf3 Ne6 21. Nd5 Nxd5 22. cxd5 Nf8 23. Qa4 Qd7 24. Qa6 Ng6 25. Ne1 Rc7 26. Ng2 h5 27. h4 f5 28. exf5 Qxf5 29. Qc4 Rf7 30. Rf1 Rdf8 31. Qe4 Ne7 32. Ne3 Qxe4 33. dxe4 b5 34. a4 a6 35. axb5 axb5 36. Ba3 Rc8 37. Rc2 Rf6 38. Rb1 b4 39. Bc1 Rb8 40. Nc4 Nc8 41. Bg5 Rf3 42. Be3 Rb5 43. Kg2 Rf7 44. Ra2 b3 1-0